[Event "Titled Tue 3rd Jun Early"]
[Site "chess.com INT"]
[Date "2025.06.03"]
[Round "6"]
[White "Laddha, Yash Jayesh"]
[Black "Buscar, Michael"]
[Result "1-0"]
[WhiteTitle "CM"]
[WhiteElo "2053"]
[BlackElo "2016"]
[WhiteFideId "30942780"]
[BlackFideId "2603616"]
[EventDate "2025.06.03"]

1. e4 c5 2. Nf3 Nc6 3. d4 cxd4 4. Nxd4 Nf6 5. Nc3 e5 6. Ndb5 h6 7. Nd6+ Bxd6 8.
Qxd6 Qe7 9. Qd1 O-O 10. Be3 Qb4 11. Qd2 Nxe4 12. Nxe4 Qxe4 13. Bd3 Qb4 14. c3
Qh4 15. Bc5 Re8 16. O-O-O d5 17. Bb5 Be6 18. g3 Qg5 19. f4 exf4 20. gxf4 Qf6 21.
Rhg1 g6 22. f5 Bxf5 23. Qxh6 Qg7 24. Qxg7+ Kxg7 25. Rxd5 a6 26. Bxc6 bxc6 27.
Rxf5 Re2 28. Bd4+ Kg8 29. Rf2 Rae8 30. Kd1 Rxf2 31. Bxf2 Re5 32. Rg4 Kf8 33. Rc4
Ra5 34. a4 Ke7 35. Rxc6 Rxa4 36. Bc5+ Kd7 37. Rf6 Ke8 38. Kc2 Rh4 39. Rxa6 Rxh2+
40. Kc1 g5 41. Ra7 f5 42. Re7+ Kd8 43. Re5 Rh1+ 44. Kc2 Rf1 45. Be7+ Kd7 46.
Bxg5 Kd6 47. Ra5 Kc6 48. b4 f4 49. Rf5 f3 50. Kd3 f2 51. Kc4 Rg1 52. Rxf2 Rxg5
53. Rf6+ Kc7 54. b5 Rh5 55. Kb4 Kb7 56. c4 Kc7 57. c5 Rh1 58. Rf7+ Kb8 59. Ka5
Rh6 60. c6 Rh8 61. Kb6 Ka8 62. Ra7+ Kb8 63. c7+ Kc8 64. Ra8+ 1-0

[Event "Titled Tue 3rd Jun Early"]
[Site "chess.com INT"]
[Date "2025.06.03"]
[Round "6"]
[White "Mizzi, Jack"]
[Black "Levitan, Judah Nathan"]
[Result "1-0"]
[WhiteTitle "CM"]
[BlackTitle "CM"]
[WhiteElo "2086"]
[BlackElo "2127"]
[WhiteFideId "5602521"]
[BlackFideId "14332639"]
[EventDate "2025.06.03"]

1. d4 Nf6 2. c4 e6 3. Nf3 d5 4. g3 dxc4 5. Bg2 Bb4+ 6. Bd2 c5 7. O-O O-O 8. a3
Bxd2 9. Nbxd2 cxd4 10. Nxc4 Nc6 11. Rc1 Re8 12. Nfe5 Nxe5 13. Nxe5 Qb6 14. b4
Nd5 15. Bxd5 exd5 16. Nf3 Bg4 17. Nxd4 Re4 18. Nf3 Bxf3 19. exf3 Re5 20. f4 Re6
21. Qxd5 Rd8 22. Qc4 h6 23. Rcd1 Rde8 24. Rd7 a5 25. f5 Rf6 26. Rd5 axb4 27.
axb4 Rc6 28. Qd4 Qxd4 29. Rxd4 Re5 30. g4 Rc2 31. h3 b5 32. Rd8+ Kh7 33. Rd7 f6
34. Rd4 h5 35. Kg2 hxg4 36. hxg4 g6 37. Rh1+ Kg8 38. Rd8+ Kg7 39. Rd7+ Kg8 40.
fxg6 Ree2 41. Rf1 Rc4 42. Kg3 Rxb4 43. Rf7 Re6 44. Rd1 Re8 45. Rdd7 Rb3+ 46. f3
Rbe3 47. Rg7+ Kh8 48. Rh7+ Kg8 49. Rdg7+ Kf8 50. Rf7+ Kg8 51. Rxf6 b4 52. Rb7 b3
53. g7 R8e7 54. Rxe7 Rxe7 55. Rb6 Re3 56. Kf4 Rc3 57. Rb7 Rc4+ 58. Kg5 Rc5+ 59.
Kh4 Rc3 60. Kg3 Rd3 61. g5 Rc3 62. Kg4 Rc1 63. Kh5 Rh1+ 64. Kg6 Re1 65. Rb8+ 1-0

[Event "Titled Tue 3rd Jun Early"]
[Site "chess.com INT"]
[Date "2025.06.03"]
[Round "6"]
[White "Parfenov, Viktor N."]
[Black "Hoepfl, Thomas"]
[Result "0-1"]
[WhiteTitle "CM"]
[BlackTitle "FM"]
[WhiteElo "2193"]
[BlackElo "2194"]
[WhiteFideId "4165969"]
[BlackFideId "4615182"]
[EventDate "2025.06.03"]

1. e4 e5 2. Nf3 Nc6 3. Bc4 Nf6 4. d3 Be7 5. O-O O-O 6. Re1 d6 7. a4 Na5 8. Ba2
Be6 9. c3 Bxa2 10. Rxa2 Nc6 11. b4 a5 12. b5 Nb8 13. d4 Nbd7 14. Nbd2 Re8 15.
Nf1 Bf8 16. Ng3 g6 17. Bg5 h6 18. Bd2 Bg7 19. h3 Kh7 20. Qb3 Qe7 21. Bc1 Qe6 22.
Qxe6 Rxe6 23. d5 Ree8 24. Ba3 b6 25. Nd2 h5 26. f3 Bh6 27. Nc4 h4 28. Nh1 Nh5
29. Nf2 f5 30. Nd3 Ndf6 31. exf5 gxf5 32. Bxd6 cxd6 33. Nxd6 Red8 34. Nxf5 Rxd5
35. Nxe5 Re8 36. Nxh6 Rdxe5 37. Rxe5 Rxe5 38. Ng4 Nxg4 39. hxg4 Ng3 40. Rd2 Re3
41. Rd6 Rxc3 42. Rxb6 Ra3 43. Ra6 Rxa4 44. b6 Rb4 45. Rxa5 Rxb6 46. Rc5 Rb2 47.
Re5 Kg6 48. Ra5 Ne2+ 49. Kf1 Nf4 50. Ra6+ Kf7 51. g5 Nxg2 52. f4 h3 53. Rh6 Rb3
54. f5 Rf3+ 55. Kg1 Rxf5 56. Rxh3 Rxg5 57. Rh7+ Kg6 58. Ra7 Nf4+ 59. Kf2 Nd5 60.
Ra6+ Kf5 61. Ra8 Rh5 62. Rf8+ Ke5 63. Re8+ Kd4 64. Rd8 Rf5+ 65. Ke2 Ke4 66. Re8+
Kd4 67. Rd8 Rh5 68. Rd7 Ke4 69. Rd8 Rh2+ 70. Kd1 Ne3+ 71. Kc1 Kf3 72. Rd2 Rh1+
73. Kb2 Nc4+ 74. Kc3 Nxd2 75. Kxd2 Rh4 0-1

[Event "Titled Tue 3rd Jun Early"]
[Site "chess.com INT"]
[Date "2025.06.03"]
[Round "6"]
[White "Scheglov, Gleb"]
[Black "Begunov, Konstantin"]
[Result "1-0"]
[WhiteTitle "FM"]
[BlackTitle "FM"]
[WhiteElo "2318"]
[BlackElo "2325"]
[WhiteFideId "34356266"]
[BlackFideId "4118510"]
[EventDate "2025.06.03"]

1. f4 c5 2. Nf3 Nc6 3. b3 Nf6 4. Bb2 g6 5. e3 Bg7 6. Be2 O-O 7. O-O d6 8. h3 Re8
9. c4 e5 10. Nc3 exf4 11. exf4 Nh5 12. Ne1 Ng3 13. Rf2 Bd4 14. Bf3 Bf5 15. Na4
Bxf2+ 16. Kxf2 Ne4+ 17. Kg1 Nd4 18. d3 Ng3 19. Kh2 Nge2 20. Bxe2 Nxe2 21. Nf3
Nxf4 22. d4 Nd3 23. Bc3 d5 24. Qd2 dxc4 25. Qh6 Qd6+ 26. Kg1 Qf8 27. Qh4 Qe7 28.
Qh6 Qe3+ 29. Qxe3 Rxe3 30. bxc4 Nf4 31. Bd2 Re4 32. Nxc5 Ne2+ 33. Kf2 Rxd4 34.
Kxe2 Re8+ 35. Kf2 Rxc4 36. Nb3 Rc2 37. Kg3 Be4 38. Nfd4 Rc4 39. Re1 f5 40. Kf2
Rd8 41. Nf3 Rc2 42. Re2 Rxa2 43. Nbd4 a5 44. Bg5 Rd7 45. Rxa2 b6 46. Rb2 Rd6 47.
Bf4 Rf6 48. Be5 Rf7 49. Rxb6 Ra7 50. Rb8+ Kf7 51. Ng5+ Ke7 52. Nxe4 a4 53. Nc6+
Kd7 54. Nxa7 Ke6 55. Rb1 fxe4 56. Ra1 Kxe5 57. Rxa4 Kf4 58. Nc6 g5 59. g4 h5 60.
gxh5 Kf5 61. Nd4+ Ke5 62. Ne2 Kf6 63. Ng3 Ke5 64. Rxe4+ Kf6 65. Rg4 Kg7 66.
Rxg5+ Kh6 67. Rg6+ Kh7 68. Kf3 Kh8 69. Kf4 Kh7 70. Kf5 Kh8 71. Kf6 Kh7 72. Kf7
Kh8 73. Ne4 Kh7 74. Nf6+ Kh8 75. Rg8# 1-0

[Event "Titled Tue 3rd Jun Early"]
[Site "chess.com INT"]
[Date "2025.06.03"]
[Round "6"]
[White "Vokhidov, Shamsiddin"]
[Black "Aradhya, Garg"]
[Result "1-0"]
[WhiteTitle "GM"]
[BlackTitle "IM"]
[WhiteElo "2641"]
[BlackElo "2383"]
[WhiteFideId "14204223"]
[BlackFideId "25006746"]
[EventDate "2025.06.03"]

1. e4 e5 2. Nf3 Nc6 3. Bb5 a6 4. Ba4 Nf6 5. O-O Be7 6. Re1 b5 7. Bb3 O-O 8. a4
Bb7 9. d3 d5 10. exd5 Nxd5 11. Nc3 Nxc3 12. bxc3 Na5 13. Ba2 Bf6 14. Nxe5 Nc6
15. Bf4 Nxe5 16. Bxe5 bxa4 17. Qg4 Re8 18. Bxf6 Qxf6 19. Qxa4 Bc6 20. Qd4 Qg6
21. Bd5 Red8 22. c4 Bxd5 23. cxd5 c6 24. Ra5 Qd6 25. c4 Qb4 26. Qa1 cxd5 27.
cxd5 Re8 28. Rb1 Qd2 29. Rd1 Qc2 30. h3 Re2 31. Rc1 Qxd3 32. Rxa6 Rf8 33. d6 Qf5
34. Qd4 Rd8 35. Rd1 h5 36. Rc6 Rd7 37. Rc8+ Kh7 38. Rc5 Qg6 39. Qh4 Kg8 40. Rxh5
f6 41. Rh8+ Kf7 42. Qc4+ Re6 43. Rf8+ Kxf8 44. Qxe6 Qf7 45. Qe4 Qb3 46. Qd4 Kf7
47. Rd3 Qe6 48. h4 Qf5 49. g3 Qe5 50. Qxe5 fxe5 51. Kg2 Ke6 52. Kf3 Rf7+ 53. Ke3
Kd7 54. Rd2 Rf6 55. Ke4 Rxd6 56. Rxd6+ Kxd6 57. Kf5 Kd5 58. g4 Kd4 59. h5 e4 60.
g5 Kd3 61. h6 gxh6 62. gxh6 Ke2 63. Kxe4 Kxf2 64. h7 Kg3 65. h8=Q Kf2 66. Qh2+
Kf1 67. Ke3 Ke1 68. Qh1# 1-0

[Event "Titled Tue 3rd Jun Early"]
[Site "chess.com INT"]
[Date "2025.06.03"]
[Round "6"]
[White "Matskevich, Varvara"]
[Black "Mateus, Martha"]
[Result "1-0"]
[WhiteTitle "WFM"]
[BlackTitle "WIM"]
[WhiteElo "1988"]
[BlackElo "1963"]
[WhiteFideId "13523465"]
[BlackFideId "4401549"]
[EventDate "2025.06.03"]

1. e4 e5 2. Nf3 Nc6 3. Bb5 f5 4. d3 fxe4 5. dxe4 Nf6 6. Nbd2 d6 7. O-O Be7 8. c3
Bg4 9. Re1 O-O 10. Qb3+ Kh8 11. Ng5 Qe8 12. Nf1 h6 13. Ne6 Bxe6 14. Qxe6 Qd7 15.
Qxd7 Nxd7 16. Bxc6 bxc6 17. Ng3 Nc5 18. Be3 Nd3 19. Re2 Kh7 20. Rd1 Nf4 21. Red2
g6 22. Nf1 a5 23. g3 Ne6 24. Kg2 a4 25. h4 g5 26. h5 g4 27. Nh2 Rg8 28. c4 c5
29. Rd5 c6 30. Rxd6 Bxd6 31. Rxd6 Rae8 32. Rxc6 Rg7 33. Bxc5 Rc7 34. Rxc7+ Nxc7
35. Bd6 Na6 36. Nxg4 Re6 37. c5 Kg8 38. Nxe5 Nxc5 39. Bxc5 Rxe5 40. Be3 Rxe4 41.
Bxh6 Re2 42. Be3 Rxb2 43. a3 Rb3 44. Bc5 Kh7 45. g4 Kh6 46. f3 Kg5 47. Kg3 Rc3
48. Be7+ Kh6 49. Kf4 Rc4+ 50. Kf5 Rc3 51. f4 Re3 52. Bb4 Rb3 53. Bf8+ Kh7 54. g5
Rb5+ 55. Ke6 Kg8 56. Bd6 Rb6 57. f5 Rb3 58. f6 Re3+ 59. Kd7 Kf7 60. Be7 Rd3+ 61.
Kc6 Rc3+ 62. Kb5 Rh3 63. g6+ Ke8 64. Bc5 Rxh5 65. f7+ 1-0

[Event "Titled Tue 3rd Jun Early"]
[Site "chess.com INT"]
[Date "2025.06.03"]
[Round "6"]
[White "Ambartsumova, Karina"]
[Black "Darmanin, Jake"]
[Result "1-0"]
[WhiteTitle "IM"]
[BlackTitle "CM"]
[WhiteElo "2403"]
[BlackElo "2065"]
[WhiteFideId "4166299"]
[BlackFideId "5601061"]
[EventDate "2025.06.03"]

1. Nf3 d5 2. c4 e6 3. e3 Nf6 4. Nc3 c5 5. cxd5 exd5 6. d4 cxd4 7. Nxd4 Nc6 8.
Be2 Bd6 9. O-O O-O 10. Nf3 Re8 11. b3 Bg4 12. Bb2 Qd7 13. Nb5 Be7 14. Nbd4 Rac8
15. Nxc6 bxc6 16. h3 Bh5 17. Rc1 Ne4 18. Qc2 Bg6 19. Ne5 Qe6 20. Nxg6 hxg6 21.
Ba6 Rc7 22. Rfe1 Bb4 23. Rf1 c5 24. Be2 Ba5 25. Bd3 Nf6 26. Qe2 Rd8 27. Rfd1 Bb6
28. Bb5 Re7 29. Qf3 d4 30. exd4 cxd4 31. Ba3 Rc7 32. Bc4 Qf5 33. Qxf5 gxf5 34.
Rd3 Ne4 35. Rcd1 Rcd7 36. Kf1 Nc3 37. Re1 Nxa2 38. Bb5 Rd5 39. Bc4 R5d7 40. g4
fxg4 41. hxg4 Nc3 42. g5 Nd5 43. Re5 g6 44. Bc1 Nb4 45. Rf3 Nc6 46. Re1 Kg7 47.
Bd2 Bc7 48. Re4 Ne5 49. Rh3 Nxc4 50. bxc4 Rd6 51. c5 Rd5 52. Bb4 Be5 53. c6 d3
54. Rxe5 Rxe5 55. Bc3 Re8 56. Re3 f6 57. gxf6+ Kxf6 58. f4 Kf5 59. fxe5 Ke6 60.
Rxd3 Rc8 61. Rd6+ Kf5 62. Rf6+ Ke4 63. Rxg6 Kd5 64. Rd6+ Kc5 65. Ke2 Rxc6 66.
Rxc6+ Kxc6 67. Kd3 Kd5 68. Bb2 a5 69. Kc2 Ke6 70. Kb3 Kd5 71. Ka4 1-0

[Event "Titled Tue 3rd Jun Early"]
[Site "chess.com INT"]
[Date "2025.06.03"]
[Round "6"]
[White "Ugarte Soto, Cesar"]
[Black "Marchesich, Giovanni"]
[Result "0-1"]
[WhiteTitle "CM"]
[BlackTitle "CM"]
[WhiteElo "2088"]
[BlackElo "2219"]
[WhiteFideId "3601331"]
[BlackFideId "2824790"]
[EventDate "2025.06.03"]

1. d4 c5 2. e3 e6 3. Nf3 b6 4. Bd3 Bb7 5. c3 Nf6 6. Nbd2 Be7 7. O-O O-O 8. a3 d6
9. b4 cxd4 10. cxd4 a6 11. Bb2 Nbd7 12. Qb3 Rc8 13. Rfc1 Nd5 14. Qd1 f5 15. Qf1
b5 16. Nb3 Bf6 17. Na5 Ba8 18. Rxc8 Qxc8 19. Rc1 Qb8 20. Nc6 Qb6 21. Na5 g6 22.
h3 e5 23. dxe5 dxe5 24. Bb1 e4 25. Bd4 Bxd4 26. Nxd4 Ne5 27. Rc5 Nd7 28. Rc1 f4
29. Qe1 fxe3 30. fxe3 Ne7 31. Qc3 Qf6 32. Ba2+ Kh8 33. Ne6 Qxc3 34. Rxc3 Re8 35.
Rc7 Nf6 36. Ra7 Ned5 37. Nc7 Nxc7 38. Rxc7 Bd5 39. Bb1 Re6 40. g4 g5 41. Kf2 h5
42. Kg3 h4+ 43. Kf2 Kg8 44. Bc2 Kf8 45. Bb3 Re7 46. Rc8+ Re8 47. Rc5 Rd8 48.
Bxd5 Rxd5 49. Rxd5 Nxd5 50. Nc6 Kf7 51. Nb8 Nc7 52. Nd7 Ke6 53. Nc5+ Kd5 54. Ke2
a5 55. Kd2 a4 56. Kc3 Ne8 57. Nd7 Nd6 58. Nf6+ Ke6 59. Nh7 Nf7 60. Kd4 Nd6 61.
Nxg5+ Kd7 62. Nxe4 Nc4 63. Nc3 Nxa3 64. Kc5 Nc2 65. Nxb5 Nxe3 66. Nc3 Nxg4 67.
b5 Nf2 68. Nxa4 Nxh3 69. Nc3 Nf2 70. Ne2 h3 71. Ng3 h2 72. b6 Ne4+ 73. Kd4 Nxg3
74. b7 Kc7 75. b8=Q+ Kxb8 0-1

[Event "Titled Tue 3rd Jun Early"]
[Site "chess.com INT"]
[Date "2025.06.03"]
[Round "6"]
[White "Oparin, Grigoriy"]
[Black "Rustamov, Rustam"]
[Result "1-0"]
[WhiteTitle "GM"]
[BlackTitle "FM"]
[WhiteElo "2660"]
[BlackElo "2323"]
[WhiteFideId "24125890"]
[BlackFideId "13440110"]
[EventDate "2025.06.03"]

1. e4 c5 2. Nf3 d6 3. g3 Nf6 4. d3 g6 5. Bg2 Bg7 6. O-O O-O 7. a4 Nc6 8. h3 e5
9. Na3 d5 10. exd5 Nxd5 11. Re1 f6 12. Nc4 Be6 13. c3 Bf7 14. a5 Qd7 15. Qa4
Rad8 16. Qb5 Nc7 17. Qxc5 Qxd3 18. Ne3 Qd6 19. Qxd6 Rxd6 20. Nd2 f5 21. a6 b5
22. g4 Be6 23. Nef1 Nb8 24. Nf3 Nd7 25. Ng5 Bd5 26. Rd1 h6 27. Ne6 Rxe6 28. Rxd5
Nxd5 29. Bxd5 Kf7 30. Be3 Ke7 31. Bxe6 Kxe6 32. Bxa7 f4 33. b4 Ra8 34. Bc5 Nxc5
35. bxc5 Kd5 36. Nd2 e4 37. Rd1 Rxa6 38. f3 e3 39. Ne4+ Kc4 40. Kf1 Bxc3 41. c6
Rxc6 42. Nd6+ Kc5 43. Ne4+ Kc4 44. Nd6+ Rxd6 45. Rxd6 b4 46. Ke2 b3 47. Rc6+ Kb4
48. Kd3 b2 49. Rb6+ Kc5 50. Rb3 Be5 51. Rb7 g5 52. Rb3 Kc6 53. Rb4 Bf6 54. Rb3
Kc5 55. Rb7 Be5 56. Rb3 e2 57. Kxe2 Kc4 58. Rb6 Bd4 59. Rb8 Bc3 60. Kd1 Kd3 61.
Rb3 Kc4 62. Kc2 Bd4 63. Rb7 Be5 64. Rd7 Bf6 65. Rd6 Bd4 66. Rxh6 b1=Q+ 67. Kxb1
Kd3 68. Re6 Be3 69. h4 gxh4 70. g5 Ke2 71. g6 h3 72. g7 h2 73. Rh6 1-0

[Event "Titled Tue 3rd Jun Early"]
[Site "chess.com INT"]
[Date "2025.06.03"]
[Round "6"]
[White "Olhovik, Andrei"]
[Black "Zlatin, Alexander"]
[Result "1-0"]
[WhiteTitle "FM"]
[BlackTitle "FM"]
[WhiteElo "2282"]
[BlackElo "2306"]
[WhiteFideId "13507397"]
[BlackFideId "2810549"]
[EventDate "2025.06.03"]

1. d4 e6 2. c4 c5 3. d5 e5 4. Nc3 d6 5. Nf3 Be7 6. h3 f5 7. e4 f4 8. g4 Nf6 9.
Be2 O-O 10. Bd2 Ne8 11. a3 a6 12. b4 Nd7 13. Qc2 Nef6 14. Kf1 g6 15. Ne1 g5 16.
f3 h5 17. Nd3 hxg4 18. hxg4 b6 19. bxc5 bxc5 20. Rb1 Kg7 21. Kg2 Rh8 22. Rxh8
Qxh8 23. Rh1 Qd8 24. Nf2 a5 25. Nb5 Ba6 26. Qa4 Bxb5 27. Qxb5 Qb6 28. Qxb6 Nxb6
29. Rb1 Bd8 30. Rb5 a4 31. Nd1 Kf7 32. Nb2 Ke7 33. Bd1 Nfd7 34. Ra5 Rb8 35. Rb5
Ra8 36. Bc3 Ke8 37. Kf2 Bc7 38. Ke2 Kd8 39. Kd3 Kc8 40. Ra5 Rb8 41. Bxa4 Nxa4
42. Rxa4 Nb6 43. Ra7 Rb7 44. Ra5 Na8 45. Rb5 Rxb5 46. cxb5 Kb7 47. Nc4 Nb6 48.
Nxb6 Bxb6 49. Kc4 Bc7 50. a4 Kb6 51. a5+ Kb7 52. b6 Bxb6 53. axb6 Kxb6 54. Bd2
Kb7 55. Ba5 Ka6 56. Bd8 Kb7 57. Bxg5 Kc8 58. Be7 Kd7 59. Bf8 Ke8 60. Bxd6 Kd7
61. Bxe5 Ke8 62. Bxf4 Kf7 63. Be3 Kg6 64. Bxc5 Kh7 65. d6 Kg8 66. d7 Kf7 67.
d8=Q Kg6 68. Qd6+ Kh7 69. Qf6 Kg8 70. Qe7 Kh8 71. Bd4+ Kg8 72. Qg7# 1-0

[Event "Titled Tue 3rd Jun Early"]
[Site "chess.com INT"]
[Date "2025.06.03"]
[Round "6"]
[White "Gharibyan, Mamikon"]
[Black "Maghsoodloo, Parham"]
[Result "0-1"]
[WhiteTitle "GM"]
[BlackTitle "GM"]
[WhiteElo "2472"]
[BlackElo "2706"]
[WhiteFideId "13308300"]
[BlackFideId "12539929"]
[EventDate "2025.06.03"]

1. d4 Nf6 2. c4 e6 3. Nf3 d5 4. Nc3 a6 5. cxd5 exd5 6. Bg5 Be6 7. e3 Nbd7 8. h3
Bd6 9. Bd3 c6 10. Qd2 Qc7 11. Bf4 O-O 12. O-O Rfe8 13. Rfe1 g6 14. Rac1 Nh5 15.
Bxd6 Qxd6 16. b4 Ng7 17. Na4 Bf5 18. Nc5 Rab8 19. Bf1 h5 20. a4 Be4 21. Nxd7
Qxd7 22. Ne5 Qd6 23. Nd3 Bxd3 24. Bxd3 Ne6 25. h4 Re7 26. b5 axb5 27. axb5 c5
28. dxc5 Nxc5 29. Be2 Nb3 30. Qd3 Nxc1 31. Rxc1 Rd8 32. Bf3 d4 33. Rd1 Red7 34.
g3 Qb6 35. e4 Rc8 36. e5 Rc3 37. Qe4 d3 38. Rd2 Qd4 39. Qxd4 Rxd4 40. Bxb7 Rc2
41. Rd1 d2 42. Kf1 Rc5 43. Bc6 Rxe5 44. b6 Rc5 45. b7 Rb4 46. Rxd2 Kg7 47. Rd8
Rc1+ 48. Kg2 Rcb1 49. Rd7 Kf6 50. Bd5 Ke5 51. Bxf7 Rb6 52. Bd5 R1b2 53. Bf3 Ke6
54. Rd8 Ke7 55. Rc8 Kd7 56. Rg8 Ke7 57. Rg7+ Kf6 58. Rc7 Ke5 59. Bc6 Kd6 60. Rc8
Ke7 61. Bf3 Kf6 62. Rf8+ Ke5 63. Rc8 Kf5 64. Kg1 R2b3 65. Rf8+ Ke5 66. Kg2 Kd6
67. Rf6+ Kc7 68. Rf7+ Kd6 69. Rg7 Ke5 70. b8=Q+ Rxb8 71. Rxg6 Rf8 72. Rg5+ Kd4
73. Bxh5 Rb2 74. Bf3 Rb3 75. Rd5+ Kc4 76. Bd1 Rb2 77. Rg5 Rbxf2+ 78. Kh3 Kd3 79.
Kg4 Rb8 80. Ba4 Rb4+ 81. Kh5 Rxa4 82. Kh6 Ke3 83. h5 Kf3 84. Rg6 Rh2 85. Rg5 Rg4 0-1

[Event "Titled Tue 3rd Jun Early"]
[Site "chess.com INT"]
[Date "2025.06.03"]
[Round "6"]
[White "Arabidze, Meri"]
[Black "Lopez Rayo, Isabella"]
[Result "0-1"]
[WhiteTitle "IM"]
[BlackTitle "WFM"]
[WhiteElo "2440"]
[BlackElo "2021"]
[WhiteFideId "13604040"]
[BlackFideId "4452755"]
[EventDate "2025.06.03"]

1. b3 e5 2. Bb2 Nc6 3. c4 Nf6 4. g3 d5 5. Bg2 Be6 6. cxd5 Bxd5 7. Nf3 e4 8. Nh4
e3 9. O-O exf2+ 10. Rxf2 Bxg2 11. Nxg2 Bc5 12. e3 Qe7 13. Bxf6 gxf6 14. Nc3
O-O-O 15. Qg4+ Kb8 16. Qe4 Qd7 17. d4 Bb4 18. Na4 h5 19. Qf5 Qe8 20. Qxf6 h4 21.
gxh4 Qe4 22. Qf4 Qd5 23. Qf5 Qd6 24. Qf4 Qg6 25. Qf5 Qh6 26. Qf6 Qh7 27. Qxf7
Qe4 28. Qf5 Qe7 29. Qf6 Qh7 30. Qf7 Qh6 31. Qf4 Qg7 32. Raf1 Bd6 33. Qf6 Qh7 34.
Qf5 Qh6 35. Nc5 Rdg8 36. Nd7+ Ka8 37. Nf6 Qxh4 38. h3 Qg3 39. Re1 Qh2+ 40. Kf1
Rf8 41. Nf4 Qg3 42. Ne4 Qxf2+ 43. Kxf2 Rxf5 44. Nxd6 cxd6 45. Kf3 Re8 46. Rg1
Nb4 47. Rg6 d5 48. Rg7 Nd3 49. Kg4 Nxf4 50. Kxf5 Nxh3 51. Kf6 Nf2 52. Kf7 Rc8
53. Ke6 Rd8 54. Ke7 Rb8 55. Ke6 Ne4 56. Kxd5 Nc3+ 57. Ke6 Nxa2 58. e4 Nb4 59. d5
a5 60. e5 Re8+ 61. Kf6 Nxd5+ 62. Kf5 Ne7+ 63. Ke6 Nc6+ 64. Kf5 Rxe5+ 65. Kf6 Rb5
66. Rg3 Ka7 67. Rc3 Kb6 68. Ke6 Rc5 69. Rd3 Rc2 70. Kd6 Kb5 71. Kc7 Nb4+ 72.
Kxb7 Nxd3 0-1

[Event "Titled Tue 3rd Jun Early"]
[Site "chess.com INT"]
[Date "2025.06.03"]
[Round "6"]
[White "FAWOLE, John Oyeyemi"]
[Black "Moinzai, Khushal"]
[Result "1-0"]
[WhiteTitle "FM"]
[BlackTitle "FM"]
[WhiteElo "1987"]
[BlackElo "1894"]
[WhiteFideId "8501319"]
[BlackFideId "11701200"]
[EventDate "2025.06.03"]

1. e4 c5 2. Nf3 Nc6 3. d4 cxd4 4. Nxd4 e5 5. Nb5 a6 6. Nd6+ Bxd6 7. Qxd6 Qf6 8.
Qxf6 Nxf6 9. f3 O-O 10. c3 d5 11. exd5 Nxd5 12. Bc4 Be6 13. Bb3 Rfd8 14. O-O
Rac8 15. Nd2 Na5 16. Ne4 Nxb3 17. axb3 h6 18. c4 Nb4 19. Ra5 f6 20. Bd2 Nc2 21.
Bc3 Nd4 22. Nc5 Nxb3 23. Nxe6 Nxa5 24. Nxd8 Nxc4 25. Nxb7 Rb8 26. Nc5 a5 27. Ra1
Rb5 28. Ne4 a4 29. Rxa4 Nxb2 30. Bxb2 Rxb2 31. Ra7 f5 32. Nd6 f4 33. Nf5 Rb1+
34. Kf2 Rb2+ 35. Kf1 Rb1+ 36. Ke2 Rb2+ 37. Kd3 Rxg2 38. h4 h5 39. Ke4 Re2+ 40.
Kd5 e4 41. Rxg7+ Kf8 42. fxe4 f3 43. Rg1 Kf7 44. Ke5 Rf2 45. Kf4 Kf6 46. Ke3 Rg2
47. Rf1 Ra2 48. Rxf3 Ra1 49. Kf4 Ra4 50. Rg3 Rb4 51. Ne3 Rd4 52. Nd5+ Ke6 53.
Rg5 Kf7 54. Rxh5 Rd1 55. Rf5+ Ke6 56. Rf6+ Kd7 57. Ke5 Re1 58. h5 Rh1 59. h6 Ke8
60. Nf4 Ke7 61. Re6+ Kf7 62. Rf6+ Ke7 63. Kf5 Ke8 64. e5 Ke7 65. e6 Re1 66. Rf7+
Ke8 67. h7 Rh1 68. Ng6 Rxh7 69. Rxh7 Kd8 70. Ne5 Ke8 71. Kf6 Kd8 72. e7+ Kc7 73.
e8=Q+ Kd6 74. Qd7+ Kc5 75. Qc7+ Kd4 76. Rd7+ Ke3 77. Qc4 Kf2 78. Rd3 Ke2 79.
Qc2+ Ke1 80. Rd1# 1-0

[Event "Titled Tue 3rd Jun Early"]
[Site "chess.com INT"]
[Date "2025.06.03"]
[Round "6"]
[White "Naranjo Moreno, Antonio"]
[Black "Ismagilov, Damir"]
[Result "0-1"]
[WhiteTitle "FM"]
[BlackTitle "CM"]
[WhiteElo "2289"]
[BlackElo "2173"]
[WhiteFideId "2278626"]
[BlackFideId "34199982"]
[EventDate "2025.06.03"]

1. e4 e5 2. Nf3 Nc6 3. Nc3 Nf6 4. d4 exd4 5. Nd5 Be7 6. Bf4 d6 7. Nxd4 Nxd5 8.
exd5 Nxd4 9. Qxd4 Bf6 10. Bb5+ Bd7 11. Qe4+ Kf8 12. Qb4 a5 13. Qb3 a4 14. Qb4 a3
15. Bxd6+ Kg8 16. Bc5 axb2 17. Rb1 b6 18. Be3 Rxa2 19. O-O Bxb5 20. Qxb5 Ra5 21.
Qb4 Rxd5 22. c3 Rd3 23. Qxb2 Rxc3 24. Qb5 h5 25. Rfd1 Qe7 26. Ra1 g6 27. Rd7 Qe6
28. Ra7 Rxe3 29. fxe3 Qxe3+ 30. Kf1 Qc1+ 31. Ke2 Qc2+ 32. Rd2 Qe4+ 33. Kf1 Qf4+
34. Rf2 Qc1+ 35. Ke2 Qc2+ 36. Kf3 Qc3+ 37. Ke4 Kg7 38. Qd3 Qb4+ 39. Kf3 Re8 40.
Re2 Qg4+ 41. Kf2 Bd4+ 42. Kf1 Rxe2 43. Qxe2 Qf4+ 44. Qf3 Qc1+ 45. Ke2 Qc2+ 46.
Kf1 Qc1+ 47. Ke2 Qc4+ 48. Qd3 Qxd3+ 49. Kxd3 Be5 50. g3 h4 51. Ke4 Bd6 52. gxh4
Bxh2 53. Ra8 Bd6 54. Rd8 f5+ 55. Kd5 Kf6 56. Rg8 f4 57. Ke4 Kf7 58. Rd8 b5 59.
Rb8 b4 60. Kf3 Kf6 61. Kg4 Kg7 62. Rd8 Kf7 63. Rd7+ Kf6 64. Rd8 Ke5 65. Rb8 Kd4
66. Kg5 Kc3 67. Kxg6 b3 68. h5 f3 69. Rb5 f2 70. Rf5 b2 71. Rxf2 b1=Q+ 72. Kg7
Qg1+ 73. Kh8 Qxf2 74. h6 Qf8+ 75. Kh7 Qf7+ 76. Kh8 Be5# 0-1

[Event "Titled Tue 3rd Jun Early"]
[Site "chess.com INT"]
[Date "2025.06.03"]
[Round "6"]
[White "Rubes, Jan"]
[Black "Leiva, Gianmarco"]
[Result "1-0"]
[WhiteTitle "IM"]
[BlackTitle "IM"]
[WhiteElo "2426"]
[BlackElo "2387"]
[WhiteFideId "338176"]
[BlackFideId "3804399"]
[EventDate "2025.06.03"]

1. d4 d5 2. Nf3 e6 3. c4 Nf6 4. Nc3 a6 5. cxd5 exd5 6. Bf4 Bd6 7. Bxd6 Qxd6 8.
e3 Bf5 9. Nh4 Bg6 10. Bd3 O-O 11. Nf5 Qe6 12. Qc2 Nbd7 13. O-O c5 14. dxc5 Nxc5
15. Nd4 Bxd3 16. Nxe6 Bxc2 17. Nxc5 Rfc8 18. Nb3 Bxb3 19. axb3 Ne4 20. Nxd5 Rc2
21. f3 Nd2 22. Rf2 Nxb3 23. Rxc2 Nxa1 24. Rc3 a5 25. Kf2 Kf8 26. e4 a4 27. Nb6
Ra6 28. Rc8+ Ke7 29. Nd5+ Kd6 30. Rc7 b5 31. Rxf7 Rc6 32. Nb4 Rc4 33. Nd3 Rc2+
34. Kg3 Rd2 35. Nf4 Rxb2 36. e5+ Kxe5 37. Nd3+ Ke6 38. Rxg7 Rd2 39. Nf4+ Kd6 40.
Rxh7 Nc2 41. Rh8 a3 42. Rd8+ Ke7 43. Rxd2 a2 44. Rd1 a1=Q 45. Rxa1 Nxa1 46. h4
b4 47. Nd5+ Ke6 48. Nxb4 Nb3 49. Nd3 Nd4 50. Nf4+ Kf5 51. Nh3 Ne2+ 52. Kf2 Nd4
53. g4+ Ke5 54. h5 Ne6 55. Kg3 Kf6 56. f4 Nc5 57. h6 Ne4+ 58. Kf3 Nd2+ 59. Ke2
Nc4 60. g5+ Kg6 61. Kf3 Nd6 62. Kg4 Nf5 63. Nf2 Ne3+ 64. Kf3 Nf5 65. Ne4 Nd4+
66. Kg4 Nf5 67. Ng3 Ne3+ 68. Kf3 Nc4 69. Ne2 Nd6 70. Nc1 Nf5 71. Nd3 Nd4+ 72.
Ke4 Ne6 73. f5+ 1-0

[Event "Titled Tue 3rd Jun Early"]
[Site "chess.com INT"]
[Date "2025.06.03"]
[Round "6"]
[White "Lai, Duc Minh"]
[Black "Reprintsev, Alexander"]
[Result "1-0"]
[BlackTitle "IM"]
[WhiteElo "2072"]
[BlackElo "2256"]
[WhiteFideId "12420387"]
[BlackFideId "14100541"]
[EventDate "2025.06.03"]

1. e4 e5 2. Nf3 Nc6 3. d4 exd4 4. Nxd4 Qh4 5. Nb5 Bb4+ 6. c3 Qxe4+ 7. Be2 Ba5 8.
O-O Nge7 9. Re1 O-O 10. Bf3 Qf5 11. Qa4 a6 12. N5a3 b5 13. Qh4 Ng6 14. Qg3 Bb6
15. Nd2 Bb7 16. Nf1 Rae8 17. Be3 Bxe3 18. Nxe3 Qf4 19. Qh3 Nge5 20. Bd5 d6 21.
Rad1 Bc8 22. Qh5 g6 23. Qe2 Ne7 24. g3 Qf6 25. Bg2 Nf5 26. Nd5 Qd8 27. f4 Nc4
28. Qxe8 Rxe8 29. Rxe8+ Qxe8 30. Nf6+ Kf8 31. Nxe8 Kxe8 32. Nxc4 bxc4 33. Bd5
Be6 34. Rd2 Kd7 35. Bb7 a5 36. Be4 Ne7 37. Kf2 d5 38. Bc2 Kd6 39. Ba4 c5 40. Bc2
Nc6 41. Ba4 Ne7 42. Kf3 h5 43. Bb5 Kc7 44. Ba4 Bf5 45. Bc2 Bg4+ 46. Kf2 Kd6 47.
Kg2 Nc6 48. h3 Be6 49. Ba4 Ne7 50. Bd1 Nf5 51. Kf2 d4 52. g4 hxg4 53. hxg4 Ne3
54. cxd4 Nxg4+ 55. Bxg4 Bxg4 56. dxc5+ Kxc5 57. Ke3 Be6 58. Rc2 Kb4 59. Rc3 a4
60. Kd4 Kb5 61. Ke5 Kc5 62. a3 Kb5 63. Kd6 Kb6 64. Re3 Bf5 65. Re5 Be6 66. Ke7 1-0